000 00570 a2200169 4500
999 _c29508
_d29508
003 NUST
005 20180118140506.0
008 180118b xxu||||| |||| 00| 0 eng d
020 _a0521833248
020 _a9780521833240
082 _a530.12
100 1 _aEsposito, Giampiero.
_98790
245 1 0 _aFrom classical to quantum mechanics :
_ban introduction to the formalism, foundations and applications /
_cGiampiero Esposito, Giuseppe Marmo, George Sudarshan.
260 _a[S.l.] :
_bCambridge University Press,
_c2004.
300 _a608 p. ;
_c26 cm.
700 1 _aMarmo, Giuseppe.
_98791
700 1 _aSudarshan, George.
_98792
942 _aSNS
_cBK
_k530.12 ESP
_2ddc